Télécommunications objectif 2000

Salvato in:
Dettagli Bibliografici
Autore principale: Glowinski, Albert
Natura: Libro
Lingua:Undetermined
Pubblicazione: Paris Dunod 1980
Soggetti:
Tags: Aggiungi Tag
Nessun Tag, puoi essere il primo ad aggiungerne! !
Thư viện lưu trữ: Trung tâm Học liệu Trường Đại học Cần Thơ
LEADER 00478nam a2200181Ia 4500
001 CTU_83579
008 210402s9999 xx 000 0 und d
082 |a 384.19 
082 |b G562 
100 |a Glowinski, Albert 
245 0 |a Télécommunications objectif 2000 
245 0 |c Albert Glowinski 
260 |a Paris 
260 |b Dunod 
260 |c 1980 
650 |a Telecommunication 
904 |i QHieu(sửa) 
980 |a Trung tâm Học liệu Trường Đại học Cần Thơ